Riešenie krízy vo vybranom podniku prostredníctvom sanácie diplomová práca

Uložené v:
Podrobná bibliografia
Hlavný autor: Elízová, Katarína
Korporativný autor: Fakulta podnikového manažmentu EU. Katedra podnikovohospodárska
Ďalší autori: Deáková, Stanislava, 1974-
Médium: Kniha
Jazyk:Slovak
Vydavateľské údaje: Bratislava 2015
Tagy: Pridať tag
Žiadne tagy, Buďte prvý, kto otaguje tento záznam!

MARC

LEADER 00000nbm a2200000 4500
001 0201196
005 20161212100644.9
041 0 |a slo 
044 |a SK 
245 1 0 |a Riešenie krízy vo vybranom podniku prostredníctvom sanácie  |b diplomová práca  |c Katarína Elízová ; školiteľ: Stanislava Deáková 
264 1 |a Bratislava  |c 2015 
300 |a 106 s. 
100 1 |a Elízová, Katarína 
700 1 |a Deáková, Stanislava, 1974- 
710 2 |a Fakulta podnikového manažmentu EU. Katedra podnikovohospodárska